| 000 | 00368nam a22001457a 4500 | ||
|---|---|---|---|
| 008 | 250714b |||||||| |||| 00| 0 eng d | ||
| 020 | _a8171699960 | ||
| 050 |
_aG89 _b.C46 |
||
| 100 | _aChopra Girish | ||
| 245 | _aPolitical Geography | ||
| 260 |
_aNew Delhi _bCommon wealth publisher LTD. _c2024 |
||
| 300 | _avi, 303p. | ||
| 650 | _aPolitical Geography | ||
| 942 | _cBK | ||
| 999 |
_c4289 _d4289 |
||